| 000 | 01338nam a22003977a 4500 | ||
|---|---|---|---|
| 001 | 50244338 | ||
| 003 | OCoLC | ||
| 005 | 20210421082919.0 | ||
| 008 | 020703s2003 paua b 001 0 eng c | ||
| 010 | _a 2002-73172 | ||
| 016 | 7 |
_a101150123 _2DNLM |
|
| 020 | _a0781735238 (alk. paper) | ||
| 040 |
_aDNLM/DLC _cDLC _dNLM _dC#P _beng |
||
| 041 | _aeng | ||
| 042 | _apcc | ||
| 049 | _aVZYM | ||
| 080 |
_a616-08 _bH-78 |
||
| 096 | _aWY 16 L472 2003 | ||
| 245 | 0 | 0 |
_aLeddy & Pepper's conceptual bases of professional nursing / _cLucy Jane Hood, Susan Kun Leddy. _b/ by: Lippincott Williams & Wilkins, |
| 246 | 3 | 0 | _aConceptual bases of professional nursing. |
| 246 | 3 | _aLeddy and Pepper's conceptual bases of professional nursing. | |
| 250 | _a5th edition | ||
| 260 |
_aPhiladelphia : _bLippincott Williams & Wilkins, _cc2003. |
||
| 300 |
_axvi, 591 p. : _bill. ; _c24 cm. |
||
| 500 | _aRev. ed. of: Conceptual bases of professional nursing / Susan Kun Leddy. c1998. 4th ed. | ||
| 504 | _aIncludes bibliographical references and index. | ||
| 590 | _ac.1 MMC. | ||
| 650 | 1 | 2 | _aNursing Theory. |
| 650 | 1 | 0 |
_aPatient Care _9285 |
| 650 | 2 | 2 |
_aNursing _xtrends. |
| 653 | _aპაციენტის მოვლა | ||
| 700 | 1 | _aHood, Lucy J. | |
| 700 | 1 | _aLeddy, Susan. | |
| 700 | 1 | _aPepper, J. Mae. | |
| 942 |
_2udc _cBK _e5 |
||
| 999 |
_c718 _d718 |
||